[Event "PRO League Central 2017"]
[Site "chess.com INT"]
[Date "2017.01.18"]
[Round "2"]
[White "O'Donnell, Conor"]
[Black "Souleidis, Georgios"]
[Result "1-0"]
[WhiteTitle "FM"]
[BlackTitle "IM"]
[WhiteElo "2342"]
[BlackElo "2401"]
[WhiteTeam "Dublin Desperados"]
[BlackTeam "Hamburg Swashbucklers"]
[WhiteFideId "2504243"]
[BlackFideId "4206827"]
[EventDate "2017.01.11"]

1. d4 Nf6 2. c4 g6 3. Nc3 Bg7 4. e4 d6 5. Be2 O-O 6. Be3 e5 7. d5 Na6 8. h4 Nc5
9. Qc2 c6 10. h5 a5 11. O-O-O cxd5 12. h6 Bh8 13. Nxd5 Nfxe4 14. Bf3 f5 15. Ne2
Be6 16. Ndc3 Nxc3 17. Nxc3 Rc8 18. Nb5 e4 19. Rxd6 Nd3+ 20. Kb1 Bxc4 21. Rxd8
Bxa2+ 22. Kxa2 Rxc2 23. Rxd3 Rxb2+ 24. Ka3 Rxb5 25. Bxe4 fxe4 26. Rd7 Bf6 27.
Rhd1 a4 28. Bd4 Rf5 29. Bxf6 R5xf6 30. Rg7+ Kh8 31. Rdd7 Rc8 32. Rxh7+ Kg8 33.
Rdg7+ Kf8 34. Rh8# 1-0

[Event "PRO League Central 2017"]
[Site "chess.com INT"]
[Date "2017.01.18"]
[Round "2"]
[White "Perez, Flavio"]
[Black "Gozzoli, Yannick"]
[Result "1-0"]
[BlackTitle "GM"]
[WhiteElo "2304"]
[BlackElo "2583"]
[WhiteTeam "Cannes Blockbusters"]
[BlackTeam "Marseille Migraines"]
[WhiteFideId "623911"]
[BlackFideId "616915"]
[EventDate "2017.01.11"]

1. e4 e5 2. Nf3 Nc6 3. Bc4 Nf6 4. d3 Bc5 5. c3 O-O 6. a4 d5 7. exd5 Nxd5 8. O-O
Nb6 9. b4 Nxc4 10. dxc4 Be7 11. b5 Qxd1 12. Rxd1 Na5 13. Nxe5 Be6 14. Bf4 Rfd8
15. Nd2 Rac8 16. h3 c5 17. g4 f6 18. Nef3 Nxc4 19. Re1 Nxd2 20. Nxd2 Kf7 21. Re2
Bf8 22. Rae1 Re8 23. Ne4 Rcd8 24. Re3 b6 25. Bg3 Bb3 26. a5 bxa5 27. Bc7 a4 28.
Bxd8 Rxd8 29. Rf3 h6 30. g5 hxg5 31. Nxg5+ Kg8 32. Ne6 Re8 33. Rfe3 a3 34. Nxf8
Rxe3 35. fxe3 Kxf8 36. Ra1 a2 37. Kf2 Ke7 38. Ke2 Bc4+ 39. Kd2 Ke6 40. Kc2 Ke5
41. Kb2 Ke4 42. h4 Kxe3 43. Rg1 f5 44. Rxg7 f4 45. Re7+ Kd2 46. Re4 Bxb5 47.
Rxf4 a1=Q+ 48. Kxa1 Kxc3 49. Rf2 Bd3 50. h5 c4 51. h6 Kd4 52. Rf7 1-0

[Event "PRO League Central 2017"]
[Site "chess.com INT"]
[Date "2017.01.18"]
[Round "2"]
[White "Lapite, Oluwadurotimi"]
[Black "Fawole, John Oyeyemi"]
[Result "0-1"]
[BlackTitle "FM"]
[WhiteElo "2067"]
[BlackElo "2186"]
[WhiteTeam "Lagos Leatherbacks"]
[BlackTeam "Abuja Rockstars"]
[WhiteFideId "8503648"]
[BlackFideId "8501319"]
[EventDate "2017.01.11"]

1. e4 c5 2. Nf3 d6 3. Bb5+ Bd7 4. Bxd7+ Qxd7 5. O-O Nc6 6. Qe2 g6 7. c3 Bg7 8.
Rd1 e6 9. d4 cxd4 10. cxd4 Nge7 11. d5 Nb4 12. dxe6 fxe6 13. Bf4 d5 14. Ne5 Bxe5
15. Bxe5 O-O 16. Nc3 Nbc6 17. exd5 exd5 18. Rd3 d4 19. Rad1 Nf5 20. f4 Rae8 21.
Ne4 Nxe5 22. fxe5 Qg7 23. g4 Nh4 24. Rxd4 Nf3+ 25. Kg2 Nxd4 26. Rxd4 Qxe5 27.
Qc4+ Kh8 28. g5 Qf4 29. Qc3 Qf1+ 30. Kg3 Qg1+ 31. Kh3 Rf3+ 32. Qxf3 Qxd4 33. Nf6
Re3 0-1

[Event "PRO League Central 2017"]
[Site "chess.com INT"]
[Date "2017.01.18"]
[Round "2"]
[White "Lapite, Oluwadurotimi"]
[Black "Kigigha, Bomo"]
[Result "1/2-1/2"]
[BlackTitle "FM"]
[WhiteElo "2067"]
[BlackElo "2339"]
[WhiteTeam "Lagos Leatherbacks"]
[BlackTeam "Abuja Rockstars"]
[WhiteFideId "8503648"]
[BlackFideId "8500037"]
[EventDate "2017.01.11"]

1. e4 c5 2. Nf3 Nc6 3. Bb5 Qb6 4. Nc3 e6 5. O-O Nge7 6. Re1 a6 7. Bxc6 Nxc6 8.
d4 cxd4 9. Nd5 exd5 10. exd5+ Ne7 11. d6 Qxd6 12. Ne5 g6 13. Qf3 f6 14. Bf4 Qb6
15. Nc4 Qc6 16. Nd6+ Kd8 17. Nf7+ Ke8 18. Nd6+ Kd8 19. Qb3 g5 20. Nf7+ Ke8 21.
Nd6+ Kd8 22. Nf7+ Ke8 23. Nd6+ Kd8 24. Nf7+ Ke8 25. Nd6+ Kd8 26. Nf7+ Ke8 27.
Nd6+ Kd8 1/2-1/2

[Event "PRO League Central 2017"]
[Site "chess.com INT"]
[Date "2017.01.18"]
[Round "2"]
[White "Zwirs, Nico"]
[Black "Spoelman, Wouter"]
[Result "0-1"]
[BlackTitle "GM"]
[WhiteElo "2395"]
[BlackElo "2584"]
[WhiteTeam "Apeldoorn Apes"]
[BlackTeam "Amsterdam Mosquitos"]
[WhiteFideId "1036432"]
[BlackFideId "1010891"]
[EventDate "2017.01.11"]

1. e4 c5 2. Nf3 e6 3. b3 b6 4. Bd3 Bb7 5. O-O Nc6 6. Re1 d6 7. Bb2 Nf6 8. e5
dxe5 9. Nxe5 Nxe5 10. Bxe5 Be7 11. Bb5+ Nd7 12. Qg4 Bf6 13. Bxf6 Qxf6 14. Bxd7+
Kxd7 15. Na3 Ke7 16. Nc4 Rhd8 17. d3 Rd4 18. Qg3 Rad8 19. a4 h5 20. Ne5 h4 21.
Qe3 a5 22. h3 Rf4 23. f3 Rd5 24. Rad1 Rf5 25. Nc4 Rg5 26. Kh1 Rg3 27. Ne5 Qf5
28. Rd2 Rd4 29. c3 Rf4 30. Rf1 g5 31. d4 f6 32. Ng4 Rgxg4 33. hxg4 Rxg4 34. dxc5
h3 35. cxb6 Rg3 36. Kg1 hxg2 37. Rxg2 Rxg2+ 38. Kxg2 g4 39. b4 gxf3+ 40. Kf2
Qc2+ 41. Kg3 Qg2+ 42. Kf4 Qg5# 0-1

[Event "PRO League Central 2017"]
[Site "chess.com INT"]
[Date "2017.01.18"]
[Round "2"]
[White "Zwirs, Nico"]
[Black "Bitalzadeh, Ali"]
[Result "0-1"]
[BlackTitle "IM"]
[WhiteElo "2395"]
[BlackElo "2388"]
[WhiteTeam "Apeldoorn Apes"]
[BlackTeam "Amsterdam Mosquitos"]
[WhiteFideId "1036432"]
[BlackFideId "1010972"]
[EventDate "2017.01.11"]

1. e4 g6 2. d4 Bg7 3. Nf3 d6 4. Bd3 Nc6 5. c3 e5 6. dxe5 dxe5 7. b3 Nf6 8. Ba3
Nh5 9. O-O Bg4 10. Be2 Qxd1 11. Rxd1 Nf4 12. Bb5 a6 13. Bxc6+ bxc6 14. Kf1 f5
15. Nbd2 O-O-O 16. h3 Bh5 17. g3 fxe4 18. Ng5 Bxd1 19. Rxd1 e3 20. fxe3 Nd5 21.
Nc4 Nxc3 22. Rc1 Rd3 23. Ne6 Bh6 24. Nc5 Rd1+ 25. Rxd1 Nxd1 26. Ke2 Nc3+ 27. Kd3
Nd5 28. e4 Nb6 29. Nxe5 Rd8+ 30. Kc2 Rd2+ 31. Kb1 Rh2 32. h4 Bf8 33. Nxc6 Bxc5
34. Bxc5 Rg2 35. e5 Rxg3 36. e6 Nd5 37. Ne5 Kd8 38. Nf7+ Ke8 39. Ng5 h6 40. Nf7
h5 41. Ne5 Rg2 42. a4 g5 43. hxg5 Rxg5 44. Nd3 h4 45. Kb2 h3 46. Nf2 h2 47. Ka3
Rg2 48. Nh1 Rg1 49. Nf2 Rf1 0-1

[Event "PRO League Central 2017"]
[Site "chess.com INT"]
[Date "2017.01.18"]
[Round "2"]
[White "Daulyte, Deimante"]
[Black "Bacrot, Etienne"]
[Result "1/2-1/2"]
[WhiteTitle "IM"]
[BlackTitle "GM"]
[WhiteElo "2447"]
[BlackElo "2695"]
[WhiteTeam "Cannes Blockbusters"]
[BlackTeam "Marseille Migraines"]
[WhiteFideId "12802859"]
[BlackFideId "605506"]
[EventDate "2017.01.11"]

1. e4 c5 2. Nf3 d6 3. Bb5+ Bd7 4. c4 e5 5. Nc3 Nf6 6. d3 Nc6 7. a3 Be7 8. O-O
O-O 9. Rb1 h6 10. b4 Bg4 11. Bxc6 bxc6 12. bxc5 dxc5 13. h3 Bxf3 14. Qxf3 Rb8
15. Rxb8 Qxb8 16. Qg3 Nh5 17. Qg4 Nf6 18. Qg3 Nh5 19. Qg4 Nf6 20. Qg3 1/2-1/2

[Event "PRO League Central 2017"]
[Site "chess.com INT"]
[Date "2017.01.18"]
[Round "2"]
[White "Daulyte, Deimante"]
[Black "Degraeve, Remy"]
[Result "1-0"]
[WhiteTitle "IM"]
[WhiteElo "2447"]
[BlackElo "2019"]
[WhiteTeam "Cannes Blockbusters"]
[BlackTeam "Marseille Migraines"]
[WhiteFideId "12802859"]
[BlackFideId "26024560"]
[EventDate "2017.01.11"]

1. e4 e5 2. Nf3 Nc6 3. Bc4 Bc5 4. O-O d6 5. c3 Nf6 6. d3 O-O 7. a4 a6 8. Bg5 h6
9. Bh4 g5 10. Bg3 Nh5 11. Nxe5 Nxe5 12. Bxe5 dxe5 13. Qxh5 Qf6 14. Nd2 Be6 15.
Bxe6 Qxe6 16. Nc4 Rfd8 17. Rad1 b5 18. axb5 axb5 19. Ne3 Qg6 20. Qxg6+ fxg6 21.
Ng4 Ra2 22. Nxe5 Rxb2 23. d4 Bd6 24. Nd3 Rc2 25. Rc1 Rd2 26. Rfd1 Re2 27. e5 Ba3
28. Ra1 Bb2 29. Ra2 b4 30. Kf1 Rc2 31. Rxb2 Rxb2 32. Nxb2 bxc3 33. Nd3 Rxd4 34.
Ke2 c5 35. Nxc5 c2 36. Rc1 Rd5 37. Nd3 1-0

[Event "PRO League Central 2017"]
[Site "chess.com INT"]
[Date "2017.01.18"]
[Round "2"]
[White "Jensson, Einar Hjalti"]
[Black "Meier, Georg"]
[Result "0-1"]
[WhiteTitle "IM"]
[BlackTitle "GM"]
[WhiteElo "2386"]
[BlackElo "2630"]
[WhiteTeam "Reykjavik Puffins"]
[BlackTeam "Stockholm Snowballs"]
[WhiteFideId "2301067"]
[BlackFideId "4675789"]
[EventDate "2017.01.11"]

1. e4 e6 2. d4 d5 3. Nc3 dxe4 4. Nxe4 Nd7 5. Nf3 Ngf6 6. Nxf6+ Nxf6 7. Bg5 h6 8.
Be3 Bd6 9. Bd3 O-O 10. Qe2 b6 11. O-O-O Bb7 12. Kb1 Nd5 13. Rhe1 Qf6 14. Bc1 Nf4
15. Bxf4 Qxf4 16. Be4 Bxe4 17. Qxe4 Qxe4 18. Rxe4 Rfd8 19. c4 Kf8 20. Kc2 c6 21.
Ne5 Rac8 22. f4 f6 23. Nd3 Kf7 24. Rde1 Re8 25. b4 h5 26. g3 Rcd8 27. Kc3 Bc7
28. a4 a6 29. h3 Re7 30. g4 g6 31. gxh5 gxh5 32. f5 Rde8 33. Rh4 exf5 34. Rf1
Kg6 35. d5 Re3 36. Kd2 Re2+ 37. Kc1 Kg5 38. Rd4 R2e4 39. Rg1+ Kh4 40. Rxe4+ fxe4
41. Ne1 cxd5 42. cxd5 Kxh3 43. Kd2 f5 44. Rh1+ Kg4 45. Rg1+ Bg3 46. Nc2 f4 47.
Nd4 Rd8 48. Kc3 Rxd5 49. Ne6 0-1

[Event "PRO League Central 2017"]
[Site "chess.com INT"]
[Date "2017.01.18"]
[Round "2"]
[White "Hjartarson, Johann"]
[Black "Blomqvist, Erik"]
[Result "1-0"]
[WhiteTitle "GM"]
[BlackTitle "GM"]
[WhiteElo "2540"]
[BlackElo "2574"]
[WhiteTeam "Reykjavik Puffins"]
[BlackTeam "Stockholm Snowballs"]
[WhiteFideId "2300044"]
[BlackFideId "1709437"]
[EventDate "2017.01.11"]

1. e4 c5 2. Nf3 Nc6 3. d4 cxd4 4. Nxd4 Qb6 5. Nb3 Nf6 6. Nc3 e6 7. Bd3 Be7 8.
O-O O-O 9. Be3 Qc7 10. f4 d6 11. Qf3 b6 12. g4 Bb7 13. g5 Nd7 14. h4 Nb4 15. Nb5
Qb8 16. Qh3 Nc5 17. f5 exf5 18. exf5 Ncxd3 19. cxd3 Re8 20. f6 Bf8 21. Bf4 g6
22. Rac1 Re2 23. Rf2 Rxf2 24. Kxf2 Qe8 25. Nc7 Qc8 26. Qg3 Qf5 27. Rc3 Rc8 28.
Nd4 Qa5 29. a3 Nd5 30. b4 Nxb4 31. axb4 Qxb4 32. Ne2 d5 33. Nxd5 Bc5+ 34. Ne3
Re8 35. h5 gxh5 36. Rc4 Qd2 37. d4 Bb4 38. Rxb4 Qxb4 39. Be5 Ba6 40. Qf3 h4 41.
Nf5 Qd2 42. Nh6+ Kh8 43. Nxf7+ Kg8 44. Nh6+ 1-0

[Event "PRO League Central 2017"]
[Site "chess.com INT"]
[Date "2017.01.18"]
[Round "2"]
[White "Hjartarson, Johann"]
[Black "Meier, Georg"]
[Result "1/2-1/2"]
[WhiteTitle "GM"]
[BlackTitle "GM"]
[WhiteElo "2540"]
[BlackElo "2630"]
[WhiteTeam "Reykjavik Puffins"]
[BlackTeam "Stockholm Snowballs"]
[WhiteFideId "2300044"]
[BlackFideId "4675789"]
[EventDate "2017.01.11"]

1. c4 c5 2. Nc3 g6 3. g3 Bg7 4. Bg2 Nc6 5. Nf3 e6 6. O-O Nge7 7. d3 O-O 8. Rb1
d5 9. cxd5 Nxd5 10. Bd2 b6 11. a3 a5 12. h4 h6 13. Nxd5 exd5 14. Qc1 Kh7 15. b4
axb4 16. axb4 Nd4 17. Nxd4 cxd4 18. Bf4 Bg4 19. Re1 Rc8 20. Qb2 Qd7 21. Qa2 Rfd8
22. b5 Ra8 23. Qb3 Rac8 24. Qa2 Ra8 25. Qb3 Rac8 26. Qa2 Ra8 27. Qb3 1/2-1/2

[Event "PRO League Central 2017"]
[Site "chess.com INT"]
[Date "2017.01.18"]
[Round "2"]
[White "Blomqvist, Erik"]
[Black "Thorfinnsson, Bragi"]
[Result "1-0"]
[WhiteTitle "GM"]
[BlackTitle "IM"]
[WhiteElo "2574"]
[BlackElo "2453"]
[WhiteTeam "Stockholm Snowballs"]
[BlackTeam "Reykjavik Puffins"]
[WhiteFideId "1709437"]
[BlackFideId "2300958"]
[EventDate "2017.01.11"]

1. Nf3 c5 2. e4 e6 3. d4 cxd4 4. Nxd4 Nc6 5. Nc3 Qc7 6. g3 a6 7. Bg2 Nf6 8. O-O
Be7 9. Re1 d6 10. Nxc6 bxc6 11. e5 dxe5 12. Rxe5 O-O 13. Re1 Rd8 14. Qe2 Bb7 15.
Bf4 Qb6 16. Na4 Qa5 17. b3 Nd5 18. Bd2 Bb4 19. Bxb4 Qxb4 20. Qe5 a5 21. c4 Nf6
22. Rad1 Qe7 23. Bf3 Ne8 24. Rxd8 Qxd8 25. Rd1 Qe7 26. Nc5 f6 27. Qxe6+ Qxe6 28.
Nxe6 a4 29. Nc5 axb3 30. axb3 Rb8 1-0

[Event "PRO League Central 2017"]
[Site "chess.com INT"]
[Date "2017.01.18"]
[Round "2"]
[White "Blomqvist, Erik"]
[Black "Thorfinnsson, Bjorn"]
[Result "1-0"]
[WhiteTitle "GM"]
[BlackTitle "IM"]
[WhiteElo "2574"]
[BlackElo "2404"]
[WhiteTeam "Stockholm Snowballs"]
[BlackTeam "Reykjavik Puffins"]
[WhiteFideId "1709437"]
[BlackFideId "2300982"]
[EventDate "2017.01.11"]

1. Nf3 d5 2. g3 c6 3. Bg2 Nf6 4. O-O Bf5 5. c4 e6 6. cxd5 exd5 7. d3 Be7 8. Qb3
Qb6 9. Qc2 Nbd7 10. Nc3 O-O 11. e4 dxe4 12. dxe4 Bg6 13. Be3 Qa6 14. Nh4 Bc5 15.
Bxc5 Nxc5 16. Nxg6 hxg6 17. Rfd1 Rfe8 18. h3 Qc4 19. b3 Qe6 20. Re1 Rad8 21. e5
Nh5 22. Re3 Qe7 23. Rd1 Rxd1+ 24. Qxd1 Rd8 25. Qc2 Ne6 26. Kh2 Rd7 27. Ne4 Nd4
28. Qc3 b6 29. Nd6 c5 30. Bd5 Qd8 31. Qc4 Qc7 32. b4 Re7 33. bxc5 bxc5 34. Rc3
Ne6 35. Bxe6 Rxe6 36. Qxc5 Qxc5 37. Rxc5 f6 38. Rc8+ Kh7 39. exf6 gxf6 40. Rc7+
Kg8 41. Nc8 Re2 42. g4 Ng7 43. Ne7+ Kh7 44. Rxa7 Rxf2+ 45. Kg3 Rd2 46. a4 Rd3+
47. Kg2 Ne6 48. h4 Nf4+ 49. Kf2 Kh8 50. a5 Ra3 51. a6 Nd3+ 52. Ke3 Ne5+ 53. Ke4
Ra4+ 54. Kd5 Rxg4 55. Ke6 Kg7 56. Nd5+ 1-0

[Event "PRO League Central 2017"]
[Site "chess.com INT"]
[Date "2017.01.18"]
[Round "2"]
[White "Agrest, Evgenij"]
[Black "Jensson, Einar Hjalti"]
[Result "1-0"]
[WhiteTitle "GM"]
[BlackTitle "IM"]
[WhiteElo "2593"]
[BlackElo "2386"]
[WhiteTeam "Stockholm Snowballs"]
[BlackTeam "Reykjavik Puffins"]
[WhiteFideId "1705024"]
[BlackFideId "2301067"]
[EventDate "2017.01.11"]

1. d4 d5 2. Bf4 Nf6 3. e3 c5 4. Nf3 Nc6 5. Nbd2 cxd4 6. exd4 Qb6 7. Nb3 Bg4 8.
Be2 e6 9. O-O Be7 10. a4 a5 11. h3 Bh5 12. Ne5 Bxe2 13. Qxe2 Nxe5 14. dxe5 Nd7
15. Qg4 g6 16. Bh6 Nxe5 17. Qe2 f6 18. Rfe1 Kf7 19. Rad1 Rhe8 20. Kh1 Nc4 21.
Bc1 Rad8 22. Nd4 Bc5 23. Nf3 Bxf2 24. Rf1 Be3 25. Ne5+ Nxe5 26. Bxe3 Qa6 27. Qf2
f5 28. Bd4 Nd7 29. Bc3 Nf6 30. Be5 Nd7 31. Bc3 Qd6 32. Qd4 Rg8 33. Bxa5 b6 34.
Bc3 Qc5 35. Qh4 h5 36. Bb4 1-0

[Event "PRO League Central 2017"]
[Site "chess.com INT"]
[Date "2017.01.18"]
[Round "2"]
[White "Agrest, Evgenij"]
[Black "Hjartarson, Johann"]
[Result "0-1"]
[WhiteTitle "GM"]
[BlackTitle "GM"]
[WhiteElo "2593"]
[BlackElo "2540"]
[WhiteTeam "Stockholm Snowballs"]
[BlackTeam "Reykjavik Puffins"]
[WhiteFideId "1705024"]
[BlackFideId "2300044"]
[EventDate "2017.01.11"]

1. d4 Nf6 2. Nf3 g6 3. Bf4 Bg7 4. e3 O-O 5. Be2 d6 6. h3 c5 7. Nc3 b6 8. O-O Bb7
9. a4 Na6 10. Nb5 Nc7 11. Bh2 a6 12. Na3 Rb8 13. c3 Bc6 14. Nc4 Qc8 15. Nfd2 Qb7
16. Bf3 Ne4 17. Qc2 Nxd2 18. Nxd2 Bxf3 19. Nxf3 Rfc8 20. Qd3 Qc6 21. e4 cxd4 22.
cxd4 b5 23. Rfc1 Qb7 24. a5 Ne6 25. Rd1 Qa7 26. d5 Nc5 27. Qe3 Bxb2 28. Rab1 Bg7
29. e5 Qd7 30. Nd4 Re8 31. Nc6 Rbc8 32. Rbc1 Bf8 33. Qf4 dxe5 34. Qe3 Na4 35.
Nxe5 Qf5 36. g4 Qf6 37. Nc6 Nb2 38. Be5 Nxd1 39. Rxd1 Qh4 40. Bf4 h6 41. Kg2 e5
42. Bxe5 Bd6 43. f4 f6 44. Qd3 fxe5 45. Qxg6+ Kh8 46. Qxd6 exf4 47. Qxf4 Re2+
48. Kg1 Rce8 49. Rf1 Re1 50. Qd4+ Kg8 51. Qc3 R8e3 0-1

[Event "PRO League Central 2017"]
[Site "chess.com INT"]
[Date "2017.01.18"]
[Round "2"]
[White "Fawole, John Oyeyemi"]
[Black "Balogun, Oluwafemi"]
[Result "0-1"]
[WhiteTitle "FM"]
[BlackTitle "FM"]
[WhiteElo "2186"]
[BlackElo "2222"]
[WhiteTeam "Abuja Rockstars"]
[BlackTeam "Lagos Leatherbacks"]
[WhiteFideId "8501319"]
[BlackFideId "8501246"]
[EventDate "2017.01.11"]

1. d4 Nf6 2. Nf3 g6 3. c4 Bg7 4. g3 O-O 5. Bg2 d6 6. O-O c6 7. Nc3 Qa5 8. e4 e5
9. dxe5 dxe5 10. Qe2 h6 11. h3 Be6 12. Bd2 Qa6 13. b3 Nbd7 14. Rac1 Rfe8 15.
Rfd1 Bf8 16. Kh2 Qa3 17. Be3 Qa5 18. Qc2 Ba3 19. Rb1 Bf8 20. Rbc1 Rad8 21. Bd2
Qc7 22. Be3 Qa5 23. Na4 b6 24. Ne1 Ba3 25. Rb1 Bf8 26. Rbc1 b5 27. Nb2 a6 28.
Kg1 Rc8 29. Ned3 Qc7 30. Qe2 Rcd8 31. Qe1 c5 32. g4 Qb7 33. f3 Rc8 34. Qg3 Qc7
35. Qh4 g5 36. Qf2 Be7 37. a3 Nh7 38. b4 cxb4 39. cxb5 Qa5 40. axb4 Qxb5 41. Nc5
Nhf8 42. Nbd3 Bc4 43. Qc2 Nxc5 44. Nxc5 Bxc5 45. Bxc5 Rxc5 46. bxc5 Bb3 47. Qc3
Bxd1 48. Rxd1 Ne6 49. Rd6 Rc8 50. Bf1 Qxc5+ 51. Qxc5 Rxc5 52. Bxa6 Kf8 0-1

[Event "PRO League Central 2017"]
[Site "chess.com INT"]
[Date "2017.01.18"]
[Round "2"]
[White "Makaj, Marko"]
[Black "Lapite, Oluwadurotimi"]
[Result "1-0"]
[WhiteTitle "FM"]
[WhiteElo "2332"]
[BlackElo "2067"]
[WhiteTeam "Abuja RockStars"]
[BlackTeam "Lagos Leatherbacks"]
[WhiteFideId "14508141"]
[BlackFideId "8503648"]
[EventDate "2017.01.11"]

1. d4 Nf6 2. Bg5 e6 3. Nd2 d5 4. e3 Be7 5. Bd3 c5 6. c3 Qb6 7. Rb1 Bd7 8. Qe2
Nc6 9. Ngf3 h6 10. Bh4 Qa5 11. a3 cxd4 12. exd4 Nh5 13. Bxe7 Nf4 14. Bb4 Nxe2
15. Bxa5 Nf4 16. Bc7 Nxd3+ 17. Ke2 e5 18. Bxe5 Bf5 19. Nh4 Bh7 20. Bxg7 Rg8 21.
Bxh6 O-O-O 22. Be3 Rde8 23. g3 Nxd4+ 24. cxd4 1-0

[Event "PRO League Central 2017"]
[Site "chess.com INT"]
[Date "2017.01.18"]
[Round "2"]
[White "Makaj, Marko"]
[Black "Oragwu, Chukwunonso"]
[Result "1-0"]
[WhiteTitle "FM"]
[BlackTitle "CM"]
[WhiteElo "2332"]
[BlackElo "2155"]
[WhiteTeam "Abuja RockStars"]
[BlackTeam "Lagos Leatherbacks"]
[WhiteFideId "14508141"]
[BlackFideId "8501254"]
[EventDate "2017.01.11"]

1. d4 Nf6 2. Bg5 Ne4 3. Bf4 c5 4. f3 Qa5+ 5. c3 Nf6 6. d5 Qb6 7. Bc1 g6 8. e4 d6
9. Na3 a6 10. Nc4 Qc7 11. a4 b6 12. Bg5 Bg7 13. Qd2 O-O 14. Bd3 e6 15. dxe6 Bxe6
16. Ne2 Nc6 17. O-O Ne5 18. Ne3 h6 19. Bh4 Qb7 20. Nf4 b5 21. axb5 axb5 22. Nxe6
fxe6 23. Bc2 Qb6 24. Kh1 g5 25. Bf2 Qc6 26. Rfd1 Rad8 27. Ra7 Rf7 28. Rda1 Rxa7
29. Rxa7 Qb6 30. Re7 Re8 31. Rxe8+ Nxe8 32. h4 Qd8 33. hxg5 Qxg5 34. Qe2 c4 35.
b3 Nf6 36. bxc4 bxc4 37. g3 Nh5 38. Kh2 Nd3 39. Bxd3 cxd3 40. Qxd3 Be5 41. f4
Nxf4 42. gxf4 Qxf4+ 43. Kg2 h5 44. c4 h4 45. Nf1 Qg4+ 46. Kh1 h3 47. Ng3 Kf7 48.
Kh2 Ke7 49. c5 Qf4 50. cxd6+ Bxd6 51. Qe3 Qg4 52. e5 Bb4 53. Qa7+ Ke8 54. Qa4+
Kf7 55. Qd7+ Kg6 56. Qe8+ Kg7 57. Qd7+ Kg8 58. Qd4 Qxd4 59. Bxd4 Kg7 60. Kxh3
Kg6 61. Kg4 Bd2 62. Ne4 Bc1 63. Nc5 Kf7 64. Ne4 Kg6 65. Nd6 Bd2 66. Kf3 Bc1 67.
Ke4 Kg7 68. Kd3 Kf8 69. Kc4 Ba3 70. Kb5 Ke7 71. Kc6 Bc1 72. Nc8+ Kf7 73. Kd7 Ba3
74. Nd6+ Kg6 75. Kxe6 Bc1 76. Kd7 Bf4 77. e6 Bg5 78. Ne4 Bh4 79. Bf6 Bxf6 80.
Nxf6 Kxf6 81. e7 1-0

[Event "PRO League Central 2017"]
[Site "chess.com INT"]
[Date "2017.01.18"]
[Round "2"]
[White "Meier, Georg"]
[Black "Thorfinnsson, Bjorn"]
[Result "1-0"]
[WhiteTitle "GM"]
[BlackTitle "IM"]
[WhiteElo "2630"]
[BlackElo "2404"]
[WhiteTeam "Stockholm Snowballs"]
[BlackTeam "Reykjavik Puffins"]
[WhiteFideId "4675789"]
[BlackFideId "2300982"]
[EventDate "2017.01.11"]

1. Nf3 d5 2. g3 c6 3. Bg2 Nf6 4. O-O h6 5. c4 Nbd7 6. cxd5 cxd5 7. d4 Nb6 8. Nc3
Bd7 9. Ne5 e6 10. e4 Be7 11. Nxd7 Qxd7 12. e5 Nh7 13. Qg4 Bf8 14. a4 g6 15. a5
Nc4 16. b3 Nxa5 17. Rxa5 Bb4 18. Rc5 b6 19. Nxd5 bxc5 20. Nxb4 Rc8 21. dxc5 Rxc5
22. Bxh6 a5 23. Rd1 Qc8 24. Nc6 1-0

[Event "PRO League Central 2017"]
[Site "chess.com INT"]
[Date "2017.01.18"]
[Round "2"]
[White "Kigigha, Bomo"]
[Black "Balogun, Oluwafemi"]
[Result "1/2-1/2"]
[WhiteTitle "FM"]
[BlackTitle "FM"]
[WhiteElo "2339"]
[BlackElo "2222"]
[WhiteTeam "Abuja Rockstars"]
[BlackTeam "Lagos Leatherbacks"]
[WhiteFideId "8500037"]
[BlackFideId "8501246"]
[EventDate "2017.01.11"]

1. c4 Nf6 2. Nf3 g6 3. g3 Bg7 4. Bg2 O-O 5. O-O d6 6. Qc2 c6 7. b3 a6 8. Bb2 e5
9. d3 Re8 10. Nbd2 c5 11. Ne4 Nc6 12. e3 Bf5 13. a3 Rb8 14. Nfd2 Be6 15. Rfd1
Ng4 16. h3 Nh6 17. Nc3 f5 18. Nd5 Nf7 19. f4 Ne7 20. Nf1 Nxd5 21. cxd5 Bd7 1/2-1/2

[Event "PRO League Central 2017"]
[Site "chess.com INT"]
[Date "2017.01.18"]
[Round "2"]
[White "Thorfinnsson, Bjorn"]
[Black "Agrest, Evgenij"]
[Result "1-0"]
[WhiteTitle "IM"]
[BlackTitle "GM"]
[WhiteElo "2404"]
[BlackElo "2593"]
[WhiteTeam "Reykjavik Puffins"]
[BlackTeam "Stockholm Snowballs"]
[WhiteFideId "2300982"]
[BlackFideId "1705024"]
[EventDate "2017.01.11"]

1. c4 c6 2. g3 d5 3. Bg2 Nf6 4. Nf3 Bg4 5. Ne5 Bh5 6. cxd5 Nxd5 7. Nc3 e6 8. O-O
Bd6 9. Nc4 Bc7 10. Re1 O-O 11. Qb3 b5 12. Ne3 Nxe3 13. dxe3 a6 14. a4 Ba5 15.
Rd1 Qb6 16. axb5 axb5 17. e4 Na6 18. Be3 Qc7 19. e5 Bb6 20. Nxb5 cxb5 21. Bxa8
Rxa8 22. Bxb6 Qxb6 23. Rd6 Qb7 24. Qa2 Bxe2 25. Qxa6 Qxa6 26. Rdxa6 Rxa6 27.
Rxa6 g5 28. f4 gxf4 29. gxf4 Kg7 30. Kf2 Kg6 31. Kxe2 1-0